000 00666nam a2200217Ii 4500
003 JO-AjNU
008 230605s9999||||xx |||||||||||||| ||und||
017 _a2006/10/2777
040 _aJO-AjNU
_bara
_erda
_cJO-AjNU
041 _aara
050 1 4 _aPJ7952.A54.T32 2007
100 3 _aالنجار، تيسير,
_eauthor
_923418
245 0 0 _aتأمل أمام ينابيع تتفجر
250 _aط1
264 3 1 _aعمان: دار الفضيلة، 2007
300 _a168ص
336 _atext
_btxt
_2rdacontent
337 _aunmediated
_bn
_2rdamedia
338 _avolume
_bnc
_2rdacarrier
650 4 _aالشعر العربي - العصر الحديث
_923419
999 _aA8468
_c12036
_d12036